[Event "Omsk Half op"]
[Site "Omsk"]
[Date "2014.12.21"]
[Round "8"]
[White "Krivoshapko, Alexander"]
[Black "Manchenko, Vladimir"]
[Result "1-0"]
[WhiteElo "2063"]
[BlackElo "1981"]
[PlyCount "28"]
[EventDate "2014.12.03"]
[EventType "swiss"]
[EventRounds "9"]
[EventCountry "RUS"]
[SourceTitle "EXT 2023"]
[Source "ChessBase"]
[SourceDate "2022.10.05"]
[SourceVersion "1"]
[SourceVersionDate "2022.10.05"]
[SourceQuality "1"]

1. b4 e5 2. Bb2 d6 3. c4 f5 4. Nc3 Nf6 5. e3 g6 6. Nf3 Bg7 7. d4 e4 8. Nd2 0-0 9. b5 Be6 10. a4 Nbd7 11. a5 c5 12. bxc6 bxc6 13. Qa4 Qc7 14. Be2 a6 1-0

[Event "Omsk Half op"]
[Site "Omsk"]
[Date "2014.12.14"]
[Round "6"]
[White "Afonin, Gennady Mikhailovic"]
[Black "Krivoshapko, Alexander"]
[Result "1-0"]
[WhiteElo "2057"]
[BlackElo "2063"]
[PlyCount "25"]
[EventDate "2014.12.03"]
[EventType "swiss"]
[EventRounds "9"]
[EventCountry "RUS"]
[SourceTitle "EXT 2023"]
[Source "ChessBase"]
[SourceDate "2022.10.05"]
[SourceVersion "1"]
[SourceVersionDate "2022.10.05"]
[SourceQuality "1"]

1. e4 d5 2. exd5 Qxd5 3. Nc3 Qa5 4. d4 Nf6 5. Nf3 Bf5 6. Bc4 e6 7. Bd2 c6 8. Nd5 Qd8 9. Nxf6+ gxf6 10. c3 Nd7 11. Nh4 Bg6 12. 0-0 f5 13. Nf3 1-0

[Event "Omsk Half op"]
[Site "Omsk"]
[Date "2014.12.05"]
[Round "2"]
[White "Adyrbaev, Albert"]
[Black "Krivoshapko, Alexander"]
[Result "0-1"]
[WhiteElo "1892"]
[BlackElo "2063"]
[PlyCount "38"]
[EventDate "2014.12.03"]
[EventType "swiss"]
[EventRounds "9"]
[EventCountry "RUS"]
[SourceTitle "EXT 2023"]
[Source "ChessBase"]
[SourceDate "2022.10.05"]
[SourceVersion "1"]
[SourceVersionDate "2022.10.05"]
[SourceQuality "1"]

1. c4 e5 2. Nc3 Nf6 3. Nf3 Nc6 4. g3 d5 5. cxd5 Nxd5 6. Bg2 Nb6 7. 0-0 Be7 8. a3 0-0 9. b4 Rb8 10. d3 a5 11. b5 Nd4 12. Nxe5 Bf6 13. Nf3 Nxf3+ 14. Bxf3 Bxc3 15. Rb1 Nd5 16. Bxd5 Qxd5 17. Qc2 Be5 18. Be3 Qe6 19. Rfc1 Rd8 0-1

[Event "Omsk op 06"]
[Site "Omsk"]
[Date "2014.07.01"]
[Round "7"]
[White "Barakin, Gennady"]
[Black "Krivoshapko, Alexander"]
[Result "0-1"]
[WhiteElo "1995"]
[BlackElo "2051"]
[PlyCount "83"]
[EventDate "2014.06.20"]
[EventType "swiss"]
[EventRounds "9"]
[EventCountry "RUS"]
[SourceTitle "EXT 2016"]
[Source "ChessBase"]
[SourceDate "2015.10.08"]
[SourceVersion "1"]
[SourceVersionDate "2015.10.08"]
[SourceQuality "1"]

1. e4 d5 2. exd5 Qxd5 3. Nc3 Qa5 4. g3 c6 5. Bg2 Nf6 6. Nf3 Bf5 7. 0-0 e6 8. d3 Nbd7 9. Qe2 Be7 10. Bd2 0-0 11. a3 Qc7 12. Ne4 Nxe4 13. dxe4 Bg4 14. h3 Bh5 15. Bc3 Bf6 16. Bxf6 Nxf6 17. Qe3 Bxf3 18. Bxf3 e5 19. Kg2 c5 20. b3 Rfd8 21. Be2 Qc6 22. f3 h6 23. Rad1 Rd4 24. c3 Rdd8 25. a4 b6 26. Bc4 Rd6 27. Rd3 Rad8 28. Rfd1 Kf8 29. Bb5 Qc7 30. f4 Rxd3 31. Rxd3 Rxd3 32. Bxd3 Qd6 33. Kf3 Qe6 34. fxe5 Qxe5 35. Bc4 g5 36. Qd3 Kg7 37. Bd5 Nd7 38. Kg2 Qf6 39. Qf3 Qxf3+ 40. Kxf3 Ne5+ 41. Ke3 Kf6 42. b4 0-1

[Event "Omsk op 06"]
[Site "Omsk"]
[Date "2014.06.24"]
[Round "4"]
[White "Skokov, Boris"]
[Black "Krivoshapko, Alexander"]
[Result "0-1"]
[WhiteElo "1998"]
[BlackElo "2051"]
[PlyCount "24"]
[EventDate "2014.06.20"]
[EventType "swiss"]
[EventRounds "9"]
[EventCountry "RUS"]
[SourceTitle "EXT 2016"]
[Source "ChessBase"]
[SourceDate "2015.10.08"]
[SourceVersion "1"]
[SourceVersionDate "2015.10.08"]
[SourceQuality "1"]

1. e4 d5 2. exd5 Qxd5 3. Nc3 Qa5 4. d4 Nf6 5. Nf3 Bf5 6. Ne5 c6 7. Bc4 e6 8. 0-0 Nbd7 9. Re1 Nxe5 10. dxe5 Nd7 11. a3 Bc5 12. Qf3 Bxc2 0-1

[Event "Omsk op 06"]
[Site "Omsk"]
[Date "2014.06.22"]
[Round "3"]
[White "Krivoshapko, Alexander"]
[Black "Bogachkova, Alena"]
[Result "0-1"]
[WhiteElo "2051"]
[BlackElo "2107"]
[PlyCount "34"]
[EventDate "2014.06.20"]
[EventType "swiss"]
[EventRounds "9"]
[EventCountry "RUS"]
[SourceTitle "EXT 2016"]
[Source "ChessBase"]
[SourceDate "2015.10.08"]
[SourceVersion "1"]
[SourceVersionDate "2015.10.08"]
[SourceQuality "1"]

1. b4 Nf6 2. Bb2 g6 3. c4 Bg7 4. e3 0-0 5. Nf3 d6 6. d4 c5 7. a3 cxd4 8. exd4 e5 9. dxe5 dxe5 10. Qxd8 Rxd8 11. Be2 e4 12. Nfd2 Nc6 13. Nc3 g5 14. 0-0 Bd7 15. Nd1 Ne8 16. Bxg7 Kxg7 17. g4 Be6 0-1

[Event "Omsk op 06"]
[Site "Omsk"]
[Date "2014.06.20"]
[Round "1"]
[White "Krivoshapko, Alexander"]
[Black "Vasiljev, Artem"]
[Result "1-0"]
[WhiteElo "2051"]
[BlackElo "1786"]
[PlyCount "34"]
[EventDate "2014.06.20"]
[EventType "swiss"]
[EventRounds "9"]
[EventCountry "RUS"]
[SourceTitle "EXT 2016"]
[Source "ChessBase"]
[SourceDate "2015.10.08"]
[SourceVersion "1"]
[SourceVersionDate "2015.10.08"]
[SourceQuality "1"]

1. b4 d5 2. e3 Nf6 3. Bb2 e6 4. a3 c5 5. bxc5 Bxc5 6. Nf3 Nc6 7. d4 Be7 8. Nbd2 Qa5 9. c4 Ne4 10. Bd3 f5 11. 0-0 0-0 12. Qc2 a6 13. Rac1 Bd7 14. Bc3 Qxc3 15. Qxc3 Nxc3 16. Rxc3 Bf6 17. Rb3 Na5 1-0

[Event "Omsk op 05"]
[Site "Omsk"]
[Date "2014.05.17"]
[Round "9"]
[White "Mikhailovsky, Viktor"]
[Black "Krivoshapko, Alexander"]
[Result "1/2-1/2"]
[WhiteElo "1997"]
[BlackElo "2046"]
[PlyCount "86"]
[EventDate "2014.05.01"]
[EventType "swiss"]
[EventRounds "9"]
[EventCountry "RUS"]
[SourceTitle "EXT 2016"]
[Source "ChessBase"]
[SourceDate "2015.10.08"]
[SourceVersion "1"]
[SourceVersionDate "2015.10.08"]
[SourceQuality "1"]

1. e4 d5 2. exd5 Qxd5 3. Nf3 Bg4 4. Be2 e6 5. Nc3 Qa5 6. 0-0 Nd7 7. d4 c6 8. Bf4 Ngf6 9. Ng5 Qf5 10. Qd2 Bxe2 11. Nxe2 Nd5 12. Bg3 Be7 13. Nf3 0-0 14. c4 N5b6 15. b3 h6 16. Nc3 Bb4 17. a3 Be7 18. Rfe1 Rfe8 19. Ne4 Nf6 20. Nd6 Bxd6 21. Bxd6 Ne4 22. Qf4 Qxf4 23. Bxf4 Nf6 24. h3 Nbd7 25. Re2 c5 26. Rd1 cxd4 27. Rxd4 a5 28. Bd6 Rec8 29. Red2 Nc5 30. Bxc5 Rxc5 31. Rd8+ Rxd8 32. Rxd8+ Kh7 33. g3 b5 34. Ra8 bxc4 35. bxc4 Rxc4 36. Rxa5 Rc2 37. Ra7 e5 38. Ra5 Rc3 39. Nd2 e4 40. Nf1 Nd7 41. a4 Nc5 42. Ne3 Rc1+ 43. Kg2 Nd3 1/2-1/2

[Event "Omsk op 05"]
[Site "Omsk"]
[Date "2014.05.08"]
[Round "4"]
[White "Krivoshapko, Alexander"]
[Black "Lunga, Oleg"]
[Result "1-0"]
[WhiteElo "2046"]
[BlackElo "1795"]
[PlyCount "55"]
[EventDate "2014.05.01"]
[EventType "swiss"]
[EventRounds "9"]
[EventCountry "RUS"]
[SourceTitle "EXT 2016"]
[Source "ChessBase"]
[SourceDate "2015.10.08"]
[SourceVersion "1"]
[SourceVersionDate "2015.10.08"]
[SourceQuality "1"]

1. b4 e6 2. Bb2 Nf6 3. b5 c5 4. Nf3 Bd6 5. c4 Bc7 6. e3 0-0 7. d4 d6 8. Bd3 b6 9. 0-0 Bb7 10. Nbd2 Nbd7 11. a4 Rc8 12. Qe2 d5 13. Nb3 cxd4 14. Nfxd4 dxc4 15. Bxc4 Nd5 16. Rfd1 N7f6 17. Nc6 Bxc6 18. bxc6 Qd6 19. g3 Qxc6 20. Nd4 Qb7 21. e4 Ne7 22. Ba6 Qxe4 23. Qxe4 Nxe4 24. Bxc8 Rxc8 25. f3 Nc5 26. Ba3 Bb8 27. Rac1 Nxa4 28. Bxe7 1-0

[Event "Omsk op 05"]
[Site "Omsk"]
[Date "2014.05.01"]
[Round "1"]
[White "Tastanov, Azamat"]
[Black "Krivoshapko, Alexander"]
[Result "1-0"]
[WhiteElo "1747"]
[BlackElo "2046"]
[PlyCount "43"]
[EventDate "2014.05.01"]
[EventType "swiss"]
[EventRounds "9"]
[EventCountry "RUS"]
[SourceTitle "EXT 2016"]
[Source "ChessBase"]
[SourceDate "2015.10.08"]
[SourceVersion "1"]
[SourceVersionDate "2015.10.08"]
[SourceQuality "1"]

1. c4 e5 2. e3 Nf6 3. Nc3 d5 4. cxd5 Nxd5 5. Nf3 Nxc3 6. dxc3 Qxd1+ 7. Kxd1 Nc6 8. Bb5 Bd7 9. Ke2 Bd6 10. e4 h6 11. Ba4 b5 12. Bb3 Na5 13. Be3 Nxb3 14. axb3 Be6 15. Nd2 0-0 16. f3 f5 17. b4 Rfe8 18. Bc5 Bxc5 19. bxc5 a5 20. b4 fxe4 21. Rxa5 exf3+ 22. Nxf3 1-0

[Event "Omsk op 12"]
[Site "Omsk"]
[Date "2013.12.01"]
[Round "1"]
[White "Ivaneko, Alexander"]
[Black "Krivoshapko, Alexander"]
[Result "0-1"]
[WhiteElo "1812"]
[BlackElo "2009"]
[PlyCount "48"]
[EventDate "2013.12.01"]
[EventType "swiss"]
[EventRounds "9"]
[EventCountry "RUS"]
[SourceTitle "EXT 2016"]
[Source "ChessBase"]
[SourceDate "2015.10.08"]
[SourceVersion "1"]
[SourceVersionDate "2015.10.08"]
[SourceQuality "1"]

1. d4 b5 2. e3 Bb7 3. Nf3 a6 4. c4 bxc4 5. Bxc4 e6 6. 0-0 Nf6 7. Nc3 d5 8. Bd3 Nbd7 9. Qa4 Bd6 10. b4 0-0 11. Bb2 Qe7 12. a3 e5 13. dxe5 Nxe5 14. Be2 Nfg4 15. g3 Qf6 16. Qd1 Qh6 17. Nh4 Nxh2 18. f4 Nxf1 19. Qxf1 Nc4 20. Bxc4 dxc4 21. e4 Rad8 22. Re1 a5 23. b5 Bc5+ 24. Kg2 Rd2+ 0-1

[Event "Omsk Summer op"]
[Site "Omsk"]
[Date "2013.06.08"]
[Round "1"]
[White "Rubtsov, Alexander"]
[Black "Krivoshapko, Alexander"]
[Result "0-1"]
[WhiteElo "2343"]
[BlackElo "2004"]
[PlyCount "24"]
[EventDate "2013.06.08"]
[EventType "swiss"]
[EventRounds "9"]
[EventCountry "RUS"]
[SourceTitle "EXT 2014"]
[Source "ChessBase"]
[SourceDate "2013.11.20"]
[SourceVersion "1"]
[SourceVersionDate "2013.11.20"]
[SourceQuality "1"]

1. d4 b5 2. Nf3 Bb7 3. g3 Nf6 4. Bg2 e6 5. 0-0 c5 6. c3 Be7 7. Nbd2 0-0 8. e3 d6 9. Re1 Nc6 10. a4 a6 11. h3 Qc7 12. Qe2 Rfe8 0-1

[Event "Omsk-ch"]
[Site "Omsk"]
[Date "2013.02.15"]
[Round "7"]
[White "Pozdniakov, Vladimir"]
[Black "Krivoshapko, Alexander"]
[Result "1-0"]
[WhiteElo "2174"]
[BlackElo "2022"]
[PlyCount "41"]
[EventDate "2013.02.09"]
[EventType "swiss"]
[EventRounds "9"]
[EventCountry "RUS"]
[SourceTitle "CBM 153 Extra"]
[Source "ChessBase"]
[SourceDate "2013.04.22"]
[SourceVersion "1"]
[SourceVersionDate "2013.04.22"]
[SourceQuality "1"]

1. d4 b5 2. e4 Bb7 3. f3 a6 4. Be3 e5 5. Nd2 Nf6 6. Bd3 Be7 7. c3 d6 8. Ne2 c5 9. d5 c4 10. Bc2 Nbd7 11. 0-0 0-0 12. f4 exf4 13. Nxf4 Rc8 14. Nf3 Re8 15. Bd4 Qc7 16. Qe2 Bf8 17. Rae1 Nxd5 18. Nxd5 Bxd5 19. e5 dxe5 20. Nxe5 Nxe5 21. Qh5 1-0

[Event "Omsk-ch"]
[Site "Omsk"]
[Date "2013.02.12"]
[Round "4"]
[White "Vorvul, Sergey"]
[Black "Krivoshapko, Alexander"]
[Result "1/2-1/2"]
[WhiteElo "1969"]
[BlackElo "2022"]
[PlyCount "53"]
[EventDate "2013.02.09"]
[EventType "swiss"]
[EventRounds "9"]
[EventCountry "RUS"]
[SourceTitle "CBM 153 Extra"]
[Source "ChessBase"]
[SourceDate "2013.04.22"]
[SourceVersion "1"]
[SourceVersionDate "2013.04.22"]
[SourceQuality "1"]

1. e4 d5 2. exd5 Qxd5 3. Nc3 Qa5 4. Nf3 Nf6 5. Bc4 Bf5 6. 0-0 e6 7. Re1 c6 8. d4 Bb4 9. Bd2 Nbd7 10. a3 Bxc3 11. Bxc3 Qc7 12. h3 0-0 13. Bd3 Bxd3 14. Qxd3 Rfd8 15. b4 Rac8 16. Qe2 b6 17. Bd2 c5 18. dxc5 bxc5 19. c3 cxb4 20. cxb4 Qc4 21. Qxc4 Rxc4 22. Be3 a6 23. Rac1 Rdc8 24. Rxc4 Rxc4 25. Rc1 Rxc1+ 26. Bxc1 Ne5 27. Kf1 1/2-1/2

[Event "Omsk-ch"]
[Site "Omsk"]
[Date "2013.02.10"]
[Round "2"]
[White "Lunga, Oleg"]
[Black "Krivoshapko, Alexander"]
[Result "0-1"]
[WhiteElo "1766"]
[BlackElo "2022"]
[PlyCount "25"]
[EventDate "2013.02.09"]
[EventType "swiss"]
[EventRounds "9"]
[EventCountry "RUS"]
[SourceTitle "CBM 153 Extra"]
[Source "ChessBase"]
[SourceDate "2013.04.22"]
[SourceVersion "1"]
[SourceVersionDate "2013.04.22"]
[SourceQuality "1"]

1. e4 a6 2. c4 e5 3. Nc3 Nc6 4. Nf3 Nf6 5. d4 exd4 6. Nxd4 Be7 7. Nxc6 dxc6 8. Qxd8+ Bxd8 9. Bf4 0-0 10. Be2 Re8 11. Bf3 Be6 12. Be2 Nd7 13. f3 0-1

[Event "Omsk-ch"]
[Site "Omsk"]
[Date "2013.02.09"]
[Round "1"]
[White "Krivoshapko, Alexander"]
[Black "Vasiljev, Artem"]
[Result "1-0"]
[WhiteElo "2022"]
[BlackElo "1713"]
[PlyCount "79"]
[EventDate "2013.02.09"]
[EventType "swiss"]
[EventRounds "9"]
[EventCountry "RUS"]
[SourceTitle "CBM 153 Extra"]
[Source "ChessBase"]
[SourceDate "2013.04.22"]
[SourceVersion "1"]
[SourceVersionDate "2013.04.22"]
[SourceQuality "1"]

1. b4 g6 2. Bb2 Nf6 3. c4 Bg7 4. e3 0-0 5. Nf3 d5 6. cxd5 Bg4 7. Be2 Nxd5 8. Bxg7 Kxg7 9. Qb3 e6 10. Nc3 Qf6 11. d4 c6 12. h3 Bxf3 13. Bxf3 a6 14. 0-0 Nd7 15. Ne4 Qe7 16. a3 N5f6 17. Nc3 Rac8 18. Na4 b5 19. Nc5 Nxc5 20. dxc5 e5 21. a4 e4 22. Be2 Rfd8 23. axb5 axb5 24. Ra2 Ra8 25. Rfa1 Qb7 26. Qb2 Rxa2 27. Rxa2 Ra8 28. Rxa8 Qxa8 29. g4 g5 30. h4 h6 31. hxg5 hxg5 32. Qe5 Qd8 33. Qxg5+ Kf8 34. Qh6+ Kg8 35. g5 Nd5 36. g6 fxg6 37. Qxg6+ Kh8 38. Qh6+ Kg8 39. Bg4 Qf6 40. Be6+ 1-0

[Event "Omsk CC-ch sf"]
[Site "Omsk"]
[Date "2011.06.30"]
[Round "8"]
[White "Krivoshapko, Alexander"]
[Black "Tolkachiov, Vladimir"]
[Result "0-1"]
[WhiteElo "2041"]
[BlackElo "1981"]
[PlyCount "40"]
[EventDate "2011.06.20"]
[EventType "swiss"]
[EventRounds "11"]
[EventCountry "RUS"]
[SourceTitle "EXT 2023"]
[Source "ChessBase"]
[SourceDate "2022.10.05"]
[SourceVersion "1"]
[SourceVersionDate "2022.10.05"]
[SourceQuality "1"]

1. b4 e5 2. Bb2 f6 3. a3 d5 4. e3 Be6 5. d4 Bd6 6. Nd2 c6 7. c4 Nh6 8. Qb3 0-0 9. Bd3 e4 10. cxd5 Bxd5 11. Bc4 Kh8 12. Bxd5 cxd5 13. b5 Bc7 14. Ne2 f5 15. g3 Ng4 16. a4 Nf6 17. Ba3 Re8 18. h4 Nbd7 19. Bb4 Nf8 20. a5 Ne6 0-1

[Event "Omsk CC-ch sf"]
[Site "Omsk"]
[Date "2011.06.29"]
[Round "7"]
[White "Usatchev, Sergei"]
[Black "Krivoshapko, Alexander"]
[Result "1-0"]
[WhiteElo "1856"]
[BlackElo "2041"]
[PlyCount "23"]
[EventDate "2011.06.20"]
[EventType "swiss"]
[EventRounds "11"]
[EventCountry "RUS"]
[SourceTitle "EXT 2023"]
[Source "ChessBase"]
[SourceDate "2022.10.05"]
[SourceVersion "1"]
[SourceVersionDate "2022.10.05"]
[SourceQuality "1"]

1. d4 b5 2. e4 Bb7 3. f3 a6 4. Be2 e6 5. Nd2 Nf6 6. Bd3 d5 7. e5 Nfd7 8. f4 c5 9. c3 g6 10. g4 cxd4 11. cxd4 Qb6 12. Ngf3 1-0